000 02120nas a2200277Ia 4500
001 R262-R4747
003 IT-CnALBA
008 170116c99999999xx |||||||||||| ||und||
040 _aIT-CnALBA
_cIT-CnALBA
041 _aITALIANO
100 _aPAOLO VI, PAPA MONTINI.
210 _aIL REGNO
222 _aIL REGNO
245 0 _aIL REGNO. DOCUMENTI. ATTUALITÀ E DOCUMENTI. ANNO 1977.
250 _a1a ed.
260 _aNAPOLI
_bSTABILIMENTO TIPOGR. V. MORANO
_c1977 [1° Ed.:1977 - Ed.Ling.Originale: 1977]
300 _a48 p.
310 _aQUINDICINALE
362 _aFascicolo: 1-22 / Anno: 22 (1977)
500 _aEVANGELIZZAZIONE E PROMOZIONE UMANA. SINTESI NERVO CAIOTTI ARDIGO''. COMUNICAZIONI, AMALFITANO GERVASIO. DISCORSO COMIATO DEL CARDINALE POMA. RELAZIONE FINALE DI PADRE SORGE. MESSAGGIO DEL PAPA PER LA PACE, PACE PER LA DIFESA DELLA VITA. COMUNICAZIONE AL POPOLO DI DIO DEI VESCOVI DEL BRASILE. REVISIONE DEL CONCORDATO, DISCORSO DELL'ONOREVOLE ANDREOTTI ALLA CAMERA. CONCORDATO TRA REVISIONE E ABROGAZIONE. PIRETTI M. S. FILIPPI A. ACCATTOLI. L. GOZZINI M. FRANCHINI E. IL NO DEGLI EVANGELICI AL CONCORDATO. BUONAIUTI E LA GENERAZIONE DELLO ESODO. VECCHI E NUOVI ARRIVATI. ABORTO, DOMANDA E RISPOSTA. CONFRONTA SOMMARIO IN FINE VOLUME, INDICI.
501 _aSocietà San Paolo EM - Piazza San Paolo, 14 - 12051 ALBA (CN) (non commercial uses only) ® Copyright 2017
520 _aEVANGELIZZAZIONE E PROMOZIONE UMANA. SINTESI NERVO CAIOTTI ARDIGO''. COMUNICAZIONI, AMALFITANO GERVASIO. DISCORSO COMIATO DEL CARDINALE POMA. RELAZIONE FINALE DI PADRE SORGE. MESSAGGIO DEL PAPA PER LA PACE, PACE PER LA DIFESA DELLA VITA. COMUNICAZIONE AL POPOLO DI DIO DEI VESCOVI DEL BRASILE. REVISIONE DEL CONCORDATO, DISCORSO DELL'ONOREVOLE ANDREOTTI ALLA CAMERA. CONCORDATO TRA REVISIONE E ABROGAZIONE. PIRETTI M. S. FILIPPI A. ACCATTOLI. L. GOZZINI M. FRANCHINI E. IL NO DEGLI EVANGELICI AL CONCORDATO. BUONAIUTI E LA GENERAZIONE DELLO ESODO. VECCHI E NUOVI ARRIVATI. ABORTO, DOMANDA E RISPOSTA. CONFRONTA SOMMARIO IN FINE VOLUME, INDICI.
650 _aECCLESIOLOGIA
942 _cCR
957 _71
999 _a45434
_bNO
_g1
_c323191
_d323191